000 00491nam a2200181 a 4500
001 1777026774833
003 YourLibrary
005 20260424160636.0
008 260424s2006##################000#0#eng##
020 _a9789041125316
082 0 4 _a346.4
_bCAF
100 1 _aCafaggi, Fabrizio,
_eauthor.
245 1 0 _aReframing Self-regulation in European Private Law :
260 _c2006.
650 0 _aAdministrative agencies.
942 _cENGLISH
040 _aYourLibrary
_beng
_cYourLibrary
999 _c619721
_d619721